Search the Library Catalogue
| 000 -LEADER | |
|---|---|
| fixed length control field | 00758nam a2200217Ia 4500 |
| 008 - FIXED-LENGTH DATA ELEMENTS--GENERAL INFORMATION | |
| fixed length control field | 191130s2004##################000#0#eng## |
| 020 ## - INTERNATIONAL STANDARD BOOK NUMBER | |
| ISBN | 9780774811217 |
| 082 ## - DEWEY DECIMAL CLASSIFICATION NUMBER | |
| Classification number | 327.71052090 MEE |
| 100 ## - MAIN ENTRY--AUTHOR NAME | |
| Personal name | Meehan, John D |
| 245 ## - TITLE STATEMENT | |
| Title | The dominion and the rising sun: Canada encounters Japan, 1929-41 |
| Statement of responsibility, etc | John D. Meehan |
| 260 ## - PUBLICATION, DISTRIBUTION, ETC. (IMPRINT) | |
| Place of publication | Vancouver, Toronto |
| Name of publisher | UBC Press |
| Year of publication | c2004 |
| 300 ## - PHYSICAL DESCRIPTION | |
| Number of Pages | xii, 250 p. ; maps, tables, ; 23 cm |
| 500 ## - GENERAL NOTE | |
| General note | Includes bibliographical references (p.231-236 ) and index |
| 650 ## - SUBJECT ADDED ENTRY--TOPICAL TERM | |
| Topical Term | Canada - Foreign relations - Japan |
| Topical Term | Canada--Foreign relations - 1981-1945 |
| Topical Term | Japan - Foreign relations - Canada |
| 991 ## - | |
| -- | 130499 |
No items available.